| 000 | 00352nam a2200145Ia 4500 | ||
|---|---|---|---|
| 005 | 20250311012121.0 | ||
| 008 | 240331s9999 xx 000 0 und d | ||
| 082 |
_bDAN _a894 |
||
| 100 | _aDaniel, K | ||
| 245 | 0 | _aPanchamar | |
| 260 |
_aChennai _bAlaigal publication _c1994 |
||
| 300 | _a480 p ., | ||
| 500 | _aA novel about Peoples problem | ||
| 942 | _cL | ||
| 999 |
_c3969 _d3969 |
||